000 00473nam a22001697a 4500
003 OSt
005 20140310182501.0
008 130222t xxu||||| |||| 00| 0 eng d
020 _a9710868497
050 _aR 724
_b.T583 2007
100 _aTimbreza, Florentino T.
_98673
245 _aHealth care ethics /
_cFlorentino T. Timbreza.
260 _aMandaluyong City :
_bNational Book Store,
_cc2007.
300 _a157 p. :
_c22 cm.
942 _2lcc
_cSSLC
999 _c13809
_d13809